Ten Biggest Countries Per Continent - Statistics

General Stats
  • This quiz has been taken 44 times
  • The average score is 55 of 60
Answer Stats
Answer % Correct
Canada
100%
China
100%
Russia
100%
Algeria
98%
Brazil
98%
Colombia
98%
France
98%
India
98%
Italy
98%
Mexico
98%
USA
98%
Argentina
95%
Australia
95%
Chile
95%
Cuba
95%
Ecuador
95%
Fiji
95%
Finland
95%
Honduras
95%
Indonesia
95%
New Zealand
95%
Panama
95%
Peru
95%
South Africa
95%
Spain
95%
Venezuela
95%
Bolivia
93%
Dominican Republic
93%
Germany
93%
Guatemala
93%
Kazakhstan
93%
Nicaragua
93%
Norway
93%
Paraguay
93%
Ukraine
93%
Angola
90%
Mongolia
90%
Pakistan
90%
Poland
90%
Saudi Arabia
90%
Sweden
90%
Chad
88%
Costa Rica
88%
Guyana
88%
Iran
88%
Libya
88%
Papua New Guinea
88%
Sudan
88%
Turkey
88%
Ethiopia
86%
Micronesia
86%
Niger
86%
Samoa
86%
Kiribati
83%
Mali
83%
Solomon Islands
83%
Tonga
81%
Vanuatu
81%
DRC
71%
Myanmar
69%
No matching quizzes found
Score Distribution
Percent of People with Each Score
Percentile by Number Answered
Your Score History
You have not taken this quiz